KOHA-Header-6

Physics and Sufi Cosmology: Creation of Universe & Life in the Light of Science & Philosophical Spirituality (Record no. 14041)

000 -LEADER
fixed length control field 00366nam a22001217a 4500
020 ## - INTERNATIONAL STANDARD BOOK NUMBER
ISBN 9789694075532
082 ## - DEWEY DECIMAL CLASSIFICATION NUMBER
Classification number 520
100 ## - MAIN ENTRY--AUTHOR NAME
Personal name Sardar Irshad Shaheen
245 ## - TITLE STATEMENT
Title Physics and Sufi Cosmology: Creation of Universe & Life in the Light of Science & Philosophical Spirituality
260 ## - PUBLICATION, DISTRIBUTION, ETC. (IMPRINT)
Place of publication Pakistan
Name of publisher Pak Book Corporation
Year of publication 2024
300 ## - PHYSICAL DESCRIPTION
Number of Pages 261 pages
942 ## - ADDED ENTRY ELEMENTS (KOHA)
Koha item type Books
Holdings
Withdrawn status Lost status Collection code Permanent Location Current Location Shelving location Date acquired Full call number Accession Number Koha item type
    Physics MAJU MAJU Shelf No.B31 2025-09-03 520 11115 Books

Powered by Koha